000 01136nam a2200301Ia 4500
005 20220317001858.0
008 170410s2013 sp a g 000 f spa
020 _a9788415717607
041 _aspa
100 1 _aShelley, Mary Wollstonecraft
_d1797-1851
245 1 0 _aFrankenstein o el moderno Prometeo
_cMary Shelley ; ilustraciones de Elena Odriozola ; traducción de Francisco Torres Oliver
250 _aPrimera edición
264 _aMadrid
_bNordicalibros
_c2013
300 _a261 páginas
_bilustraciones a color
_c23 cm.
336 _atexto
_btxt
_2rdacontent
337 _asin mediación
_bn
_2rdamedia
338 _avolumen
_bnc
_2rdacarrier
490 _aIlustrados
500 _aIncluye datos biográficos de la autora e ilustradora en solapa
650 1 4 _2LEMB
_aNovela juvenil inglesa
_ySiglo XVIII
650 1 4 _2LEMB
_aLiteratura juvenil inglesa
_ySiglo XVIII
650 1 4 _2LEMB
_aExperimentación científica
_vNovela
700 1 _aOdriozola, Elena
_eilustradora
_915880
700 1 _aTorres Oliver, Francisco
_etraductor
_990700
942 _2loc
_cBKLIT
040 _aCO-BoRNBP
_bspa
_erda
_cCO-BoRNBP
084 _aN SHE1
999 _c8400
_d8400